La discographie de Blackpink - Statistiques

Statistiques générales
  • Ce quiz a été pris 180 fois
    29 depuis la dernière actualisation
  • Le résultat moyen est 29 sur 38
Statistiques - réponses
Réponse % Correct
Pink Venom
96%
Whistle
96%
Whistle - Acoustic Version
96%
Boombayah
92%
Go
92%
How You Like That
92%
Ice Cream (Feat Selena Gomez)
92%
Jump
92%
Shut Down
92%
Ddu-Du Ddu-Du
88%
Kill This Love
84%
Kiss And Make Up
84%
Pretty Savage
84%
As If It's Your Last
80%
Champion
80%
Me And My
80%
Really
80%
Sour Candy (Feat Lady Gaga)
80%
Stay
80%
Lovesick Girls
76%
Playing With Fire
76%
The Girls
76%
Crazy Over You
72%
Fxxxboy
72%
Kick It
72%
Typa Girl
72%
Love To Hate Me
68%
See U Later
68%
Tally
68%
You Never Know
68%
Forever Young
64%
Hard To Love
64%
Hope Not
64%
Yeah Yeah Yeah
64%
Bet You Wanna (Feat Cardi.B)
60%
Don't Know What To Do
60%
Ready For Love
60%
The Happiest Girl
60%
Aucun quiz correspondant
Distribution des résultats
% des personnes avec chaque résultat
Percentile par nombre de réponses
Votre historique - résultats
Vous n’avez pas pris ce quiz depuis la dernière actualisation